000 00809nam a2200253 i 4500
001 94140
003 ES-MaACL
005 20240419160339.0
007 t|
008 050622s2001 sp ||||1| spa d
020 _a84-362-4378-1
080 _a314.8(100)
100 1 _aRubio Benito, María Teresa.
_9100387
245 1 0 _aEstado actual de la población, teoría y práctica /
_cMª Teresa Rubio Benito.
250 _a1ª ed.
260 _aMadrid :
_bUniversidad Nacional de Educación a Distancia,
_c2001.
300 _a136 p. :
_bil. ;
_c24 cm.
490 1 _aCuadernos de la Uned ;
_v35214CU01
650 4 _aDinámica de población.
_911892
830 0 _aCuadernos UNED ;
_v35214CU01
_9223638
852 _aES-MaACL
_jL-29212
_bR.135897
942 _2udc
999 _c94140
_d94140